000 02076nam a2200265Ia 4500
005 20240116095315.0
008 130821s1936 ck fr dspa
040 _aCo-BoUCM
_bspa
_cSandra Yazo
_dSandra Yazo
041 0 0 _aspa
082 0 4 _a070.442
_220
092 _aE52N096
100 1 _aAncizar Basterra, Manuel Estevan
_d1812-1882
_964980
245 1 0 _aEditoriales del Neo-Granadino
_cManuel Estevan Ancízar Basterra.
260 _aBogotá (Colombia)
_bEditorial Minerva S. A.
_c1936
300 _a172, [1] páginas
_c18 x 14 cm
490 0 _aBiblioteca Aldeana de Colombia
_v63
500 _aDetalles físicos: Sin encuadernación original. Actualmente: Encuadernación rígida (holandesa) en cartón forrado en papel jaspeado en tono azul. Lomo de tela, con letras y líneas decorativas en dorado. Cortes decorados (jaspeado azul). Guardas. Hoja de cortesía. Portada impresa en una sola tinta. Grabado con el emblema de la Colección. Texto impreso en una sola columna, con diferentes tipos y tamaños de letra. Notas de pie de página. Papel oxidado en bordes de las hojas. En la encuadernación (lomo) se indica una numeración (63). Colección Aldeana de Colombia es una selección de Samper Ortega de Literatura Colombiana.
505 0 _aD. Manuel Ancízar / Gustavo Otero Muñoz ; Editoriales de “El Neo-Granadino”: Profesión de fe ; Alianza de periódicos ; Fomento industrial ; Caminos ; Liebrtad de imprenta ; Libertad industrial ; Convención reformadora ; Partidos políticos: su carácter y naturaleza en la Nueva Granada ; Partidos políticos: faz religiosa ; Reacciones ; 20 de julio ; Remociones ; ¡Victoria! ¡Victoria! ¡Adelante! ¡Adelante! De la libertad de la prensa oposicionista ; Sobre la necesidad de conservar el prestigio del gobierno ; El Cantón de Vélez
506 _aConsulta en sala
650 7 _aEditores
_xHistoria
_zColombia
_913774
650 7 _aHistoria de Colombia
_926508
650 0 7 _aPeriodismo colombiano
_921342
_ySiglo XIX
690 _aPeriodismo
_921340
942 _cLIBRO
_a24
_e1
_2LOCAL
_hE52N096
_n0
999 _c323700
_d323700